Catalog

Record Details

Catalog Search



Available copies

  • 1 of 1 copy available at LARL/NWRL Consortium.
  • 1 of 1 copy available at Lake Agassiz Regional Library. (Show preferred library)

Current holds

0 current holds with 1 total copy.

Show Only Available Copies
Location Call Number / Copy Notes Barcode Shelving Location Status Due Date
Moorhead Public Library Y REE (Text) 33500008805822 Main Available -

Record details

  • ISBN: 0060826355 (trade bdg.)
  • ISBN: 0060826363 (lib. bdg.)
  • Physical Description: 358 p. ; 24 cm.
  • Edition: 1st American ed.
  • Publisher: New York : Eos, 2006.

Content descriptions

Summary, etc.:
In the distant future, when fifteen-year-old Wren ... Read More
Subject: Science fiction.
LDR 01290cam a22003378a 4500
00168567
003LARL_NWRL_CONSORTIUM
00520180328141750.0
008050623r20062005nyu d 000 1 eng
020 . ‡a0060826355 (trade bdg.)
020 . ‡a0060826363 (lib. bdg.)
0243 . ‡a9780060826352
0243 . ‡a9780060826369
035 . ‡a(OCoLC)61169587
042 . ‡alcac
08200. ‡a[Fic] ‡222
1001 . ‡aReeve, Philip. ‡0(LARL_NWRL_CONSORTIUM)122543
24510. ‡aInfernal devices. ‡n#3 / ‡cPhilip Reeve.
250 . ‡a1st American ed.
260 . ‡aNew York : ‡bEos, ‡c2006.
300 . ‡a358 p. ; ‡c24 cm.
4900 . ‡aMortal engines ; ‡v3
520 . ‡aIn the distant future, when fifteen-year-old Wren Natsworthy, bored with life in Anchorage, steals an Old-Tech book for a Lost Boy, she sets off a sequence of events that leads her parents, Tom and Hester, back into battle with old enemies and new.
650 1. ‡aScience fiction. ‡0(LARL_NWRL_CONSORTIUM)30394
901 . ‡a68567 ‡bOCLC ‡c68567 ‡tbiblio

Additional Resources